000 00919nam a2200229 a 4500
001 79129
003 BD-RjUL
005 20220106105853.0
008 220106s2020 bg ||||| |||| 00| 0 ben d
020 _a9789848005118
_c: TK. 800.00
035 _a(BD-RjUL)79129
040 _aBD-RjUL
_bben
_cBD-RjUL
041 _aben
082 _223
_a954.9205092
_bSAA 2020
100 _aসরকার, মোনায়েম
_9560
245 0 1 _aআমার রাজনৈতিক জীবনে মুক্তিসংগ্রাম ও বঙ্গবন্ধু /
_cমোনায়েম সরকার
260 _aঢাকা :
_bআগামী প্রকাশনী,
_c২০২০
300 _a২৯১ পৃ. ;
_c২৩ সেমি.
600 _aমুজিবুর রহমান,
_cশেখ,
_d১৯২০-১৯৭৫
600 _aMujibur Rahman,
_cSheikh,
_d1920-1975
942 _2ddc
_cBK
999 _c79129
_d79129